MyGZULibrary

Gender mainstreaming in information and communications : (Record no. 3684)

MARC details
000 -LEADER
fixed length control field 01241cam a2200325 a 4500
001 - CONTROL NUMBER
control field 12665280
003 - CONTROL NUMBER IDENTIFIER
control field GZU
005 - DATE AND TIME OF LATEST TRANSACTION
control field 20201204102113.0
008 - FIXED-LENGTH DATA ELEMENTS--GENERAL INFORMATION
fixed length control field 000804s2000 enk b o000 0 eng d
010 ## - LIBRARY OF CONGRESS CONTROL NUMBER
LC control number 2002318058
015 ## - NATIONAL BIBLIOGRAPHY NUMBER
National bibliography number GBA0-52655
020 ## - INTERNATIONAL STANDARD BOOK NUMBER
International Standard Book Number 0850926025
035 ## - SYSTEM CONTROL NUMBER
System control number (OCoLC)ocm44736606
040 ## - CATALOGING SOURCE
Original cataloging agency UKM
Modifying agency UKM
-- EEM
Transcribing agency DLC
Modifying agency DLC
043 ## - GEOGRAPHIC AREA CODE
Geographic area code b------
050 00 - LIBRARY OF CONGRESS CALL NUMBER
Classification number HQ 1101
Item number FRA 2000
100 1# - MAIN ENTRY--PERSONAL NAME
Personal name Frankson, Joan Ross.
245 10 - TITLE STATEMENT
Title Gender mainstreaming in information and communications :
Remainder of title a reference manual for governments and other stakeholders /
Statement of responsibility, etc. Joan Ross Frankson.
260 ## - PUBLICATION, DISTRIBUTION, ETC.
Place of publication, distribution, etc. London :
Name of publisher, distributor, etc. Commonwealth Secretariat,
Date of publication, distribution, etc. 2000.
300 ## - PHYSICAL DESCRIPTION
Extent 75 p. ;
Dimensions 30 cm.
440 #0 - SERIES STATEMENT/ADDED ENTRY--TITLE
Title Gender management system series
504 ## - BIBLIOGRAPHY, ETC. NOTE
Bibliography, etc. note Includes bibliographical references (p. 54-56).
650 #0 - SUBJECT ADDED ENTRY--TOPICAL TERM
Topical term or geographic name entry element Telematics
General subdivision Government policy
Geographic subdivision Commonwealth countries.
650 #0 - SUBJECT ADDED ENTRY--TOPICAL TERM
Topical term or geographic name entry element Businesswomen
Geographic subdivision Commonwealth countries.
650 #0 - SUBJECT ADDED ENTRY--TOPICAL TERM
Topical term or geographic name entry element Discrimination in employment
Geographic subdivision Commonwealth countries.
710 2# - ADDED ENTRY--CORPORATE NAME
Corporate name or jurisdiction name as entry element Commonwealth Secretariat.
906 ## - LOCAL DATA ELEMENT F, LDF (RLIN)
a 7
b cbc
c copycat
d 2
e ncip
f 20
g y-gencatlg
942 ## - ADDED ENTRY ELEMENTS (KOHA)
Source of classification or shelving scheme Library of Congress Classification
Koha item type Books
Classification part 1101
Item part FRA
Call number prefix HQ
Holdings
Withdrawn status Lost status Damaged status Not for loan Collection code Home library Current library Shelving location Date acquired Total Checkouts Full call number Barcode Date last seen Copy number Price effective from Koha item type
        Non-fiction City Campus Library City Campus Library General Stacks 12/04/2020   HQ 1101 FRA 2000 028389 12/04/2020 c.1 12/04/2020 Books
        Non-fiction City Campus Library City Campus Library General Stacks 12/04/2020   HQ 1101 FRA 2000 B017768 12/04/2020 c.2 12/04/2020 Books